000 00725nam a22002297a 4500
003 OSt
005 20170518103330.0
008 170313b xxu||||| |||| 00| 0 eng d
020 _a0130339695
040 _aMMU
_cMMU
_beng
_dMMU
050 0 0 _aQA76.9.D3
_bM395 2002
082 0 0 _a005.74
_221
100 1 _aHoffer, Jeffrey A.
245 1 0 _aModern database management /
_cJeffrey A. Hoffer, Mary B. Prescott, Fred R. McFadden.
250 _a6th ed.
260 _aUpper Saddle River, NJ :
_bPrentice Hall,
_cc2002.
300 _axxxiv, 638 p. :
_bill. ;
_c29 cm.
504 _aIncludes bibliographical references and index.
650 0 _aDatabase management.
700 1 _aMcFadden, Fred R.,
_d1933-
942 _2lcc
_cLOAN LOAN
999 _c24494
_d24494